000
00273nam a2200109Ia 4500
008
230822s1999 xx 000 0 und d
041
_a
eng
100
_a
PATEL K M
245
_a
NAAC ACCCREDITATION OF HIGHER EDUCATION
260
_b
MARK PUBLISHISHER
_c
1999
300
_a
2005
999
_c
857726
_d
857726